Professional IBM webphere 5.0 application server : a guide to building J2EE applications from IBM webphere architects (Record no. 192697)

MARC details
000 -LEADER
fixed length control field 00452nam a2200133Ia 4500
008 - FIXED-LENGTH DATA ELEMENTS--GENERAL INFORMATION
fixed length control field 231217s9999 xx 000 0 und d
020 ## - INTERNATIONAL STANDARD BOOK NUMBER
International Standard Book Number 9800000000000
041 ## - LANGUAGE CODE
Language code of text/sound track or separate title English
082 ## - DEWEY DECIMAL CLASSIFICATION NUMBER
Classification number 001.64404 FRA;1
100 ## - MAIN ENTRY--PERSONAL NAME
Personal name Francis, Tim. Herness, Eric. High, Rob...[et al]
245 #0 - TITLE STATEMENT
Title Professional IBM webphere 5.0 application server : a guide to building J2EE applications from IBM webphere architects
260 ## - PUBLICATION, DISTRIBUTION, ETC.
Date of publication, distribution, etc. 2003
Name of publisher, distributor, etc. Shroff
Place of publication, distribution, etc. Mumbai
942 ## - ADDED ENTRY ELEMENTS (KOHA)
Koha item type Books
Holdings
Date last seen Total checkouts Full call number Accession number Price effective from Category Lost status Damaged status Department Withdrawn status Home library Current library Shelving location Entry date Grants Billdate Currency symbol Conversion rate Discount Old discount Public note
26/01/2024   001.64404 FRA;1 78717 26/01/2024 Books     Central Library   Central Library Central Library Central Library 28/06/2011 DONATED 01/07/2016 RS 1      
26/01/2024   001.64404 FRA;2 78725 26/01/2024 Books     Central Library   Central Library Central Library Central Library 28/06/2011 DONATED 01/07/2016 RS 1     Missing 2020

© For any Suggestions or Query, please contact the library staff @ librarian@pes.edu or Phone: +9180 2672 1983/ 2108.